00693cam a22002057a 4500003000500000005001700005008004100022010001000063011001000073020001500083035001000098040000900108082001600117110006500133245016000198260004000358300002800398650003100426650003000457CHAP20220329142401.0001020d1994 ec a r 00110 esp d a82691 a83663 a9978040552 a94178 cCHAP04a341.481bC42 aCentro para Derechos Económicos y Sociales. Quito, Ecuador10aViolaciones de derechos en la amazonia ecuatoriana :blas consecuencias humanas del desarrollo petroleroc/por Centro para Derechos Económicos y Sociales aQuito, Ecuador :bAbya-Yala,c1994. a190 p. :bilus. ; mapas14aDerechos humanosxEcuador.14aIndios de EcuadorxLeyes.